00361nam a22001097a 4500008004100000020001500041082001500056110001900071245011700090260003500207300000900242230704b xxu||||| |||| 00| 0 eng d a9211480868 a363.4bINC bUnited Nations aCommission on Narcotic drugsbreport on the thirty-fourth SessioncEconomic and Social CouncilhSupplement No. 4 aNew YorkbUnited Nationsc1991 a126p